Geografía de América por letra - F - Estadísticas

Estadísticas generales
  • Esta prueba ha sido intentada 209 veces
  • La puntuación promedio es 6 de 12
Estadísticas de respuestas
Pista Respuesta % Correcto
País europeo con un departamento de ultramar en América continental Francia
93%
Estado del sureste de los EE. UU. Florida
91%
Formación geológica, por ejemplo: ____ de San Andrés o de Atacama Falla
89%
Nombre de las Malvinas en inglés Falkland Islands
71%
Importante ciudad de la región Nordeste de Brasil Fortaleza
57%
Provincia del norte de Argentina Formosa
48%
Uno de los primeros intentos europeos de un establecimiento en América {Fuerte} Navidad
32%
Ciudad principal del interior de Alaska Fairbanks
24%
Capital de Caquetá o ciudad argentina de Santa Fe Florencia
21%
Departamento uruguayo cuyo nombre es en homenaje al Brigadier Venancio Flores
20%
Esta ciudad está cerca del Gran Cañón Flagstaff
12%
Ciudad del estado mexicano de Zacatecas Fresnillo
12%
No se encontraron pruebas coincidentes
Distribución de puntuación
Porcentaje de gente con cada puntuación
Porcentaje por número respondido
Historial de tus puntuaciones
No has intentado esta prueba.